Las Provincias y sus comarcas : estudio sobre delimitación comarcal en las provincias españolas estudio sobre delimitación comarcal en las provincias españolas
Descripción Física:
252 p. : [2] map. pleg. ; 24 cm
Colección:
Documentos ; 2
MARC
| LEADER | 00000nam a2200000Ia 4500 | ||
|---|---|---|---|
| 001 | 146 | ||
| 008 | 160829s1965 xx 000 0 cat d | ||
| 080 | |a M-4-236 | ||
| 245 | |a Las Provincias y sus comarcas : |b estudio sobre delimitación comarcal en las provincias españolas | ||
| 260 | |a Madrid : |b Secretaría General Técnica del Ministerio de la Gobernación, |c 1965 | ||
| 300 | |a 252 p. : |b [2] map. pleg. ; |c 24 cm | ||
| 490 | |a Documentos ; 2 | ||
| 650 | 0 | |a Administració provincial |z Espanya |9 3648 | |
| 650 | |a Comarques |x Espanya |9 32782 | ||
| 710 | 1 | |a Espanya. |b Ministerio de la Gobernación |9 55088 | |
| 901 | |a Arxiu | ||
| 942 | |n 1 | ||
| 952 | |0 0 |1 0 |4 0 |6 M4236 |7 1 |9 46095 |a Arxiu |b Arxiu |d 2016-12-01 |l 0 |o M-4-236 |p 146 |r 2016-12-01 00:00:00 |w 2016-12-01 |y ARXIU | ||
| 999 | |c 49597 |d 49597 | ||